000 00710nam1a22002171i 4500
001 rc\165821
005 20260406073748.0
035 _a(NLR Aleph) 005616132
090 _a6456335
_c6456335
100 _a20030307d1991 u |0rusy50 ca
101 0 _arus
102 _aRU
105 _ay |||||||||
200 1 _aУнесенные ветром
_eРоман
_e[В 3 т.
_eПер. с англ.]
_fМаргарет Митчелл
210 _aРостов н/Д
_cИзд-во Рост. ун-та
_d1991
215 _d22
700 1 _7ca
_8rus
_aМитчелл
_bМ.
_f1900-1949
_gМаргарет
_3RU\NLR\auth\7732343
_915351
801 0 _aRU
_bNLR
_gpsbo
801 1 _aRU
_bELAR
_2rusmarc
852 _aNLR
_j92-3/650
942 _cBOOK